000 00702nam a2200289Ia 4500
005 20260324143500.0
008 008 260324s9999 xx 000 0 eng d
020 _a9781351033183
037 _aEBOOK
040 _aCRL
040 _beng
040 _cCRL
041 _2eng
041 _aeng
084 _qCRL
100 _aAugustus Cerillo
_91215790
245 0 _aRoutledge Revivals: Reform in New York City (1991)
245 2 _bA Study of Urban Progressivism
260 _bTaylor and Francis
260 _c1991
365 _a
365 _b115
856 _uhttp://www.taylorfrancis.com/books/9781351033183
942 _cEBOOK
999 _c1821249
_d1821249